00815njm a2200253Ia 450000100060000000300090000600500170001500800410003204000130007304000130008604100130009910000110011210000180012310000380014124500270017925000110020626000090021726000630022630000170028930000290030650000400033550501200037565000660049524333IT-RoPAU20220918181116.0131025s9999 xx 000 0 und d aIT-RoPAU cIT-RoPAU aITALIANO aAA.VV. eAutore musica gCodice autore musica SPICS: 12000 aEsami musicologia 1983 a1a ed. aROMA bSPICS RECORDSc1983 [1a Ed.:1983 - Ed. Lingua Orig.: 1983] aMUSICASSETTA c60 minuti (Testo: pag.) aEsami di musicologia studenti Spics aEsame di Carlos Balandra - Esame di Mario Parascandado - Esame di Mariluisa Cavacciuti - Esame di Giuseppe Cellucci aMUSICA [ELABORATI STUDENTI SPICS]eCodice MATERIA SPICS: 9905